El libro de Manuel y Camila: diálogos sobre ética
Gardado en:
| Main Authors: | , , |
|---|---|
| Formato: | Libro |
| Idioma: | Lingua castelá |
| Publicado: |
Barcelona
Gedisa
2001
|
| Edición: | 1a. ed |
| Series: | Campo de Estrellas
|
| Subjects: | |
| Tags: |
Engadir etiqueta
Sen Etiquetas, Sexa o primeiro en etiquetar este rexistro!
|
MARC
| LEADER | 00000nam a2200000 a 4500 | ||
|---|---|---|---|
| 001 | UCL9004 | ||
| 003 | CL-VaPUC | ||
| 008 | 040716e20010000SP |||||||||||||||||spa|d | ||
| 020 | |a 8474328950 | ||
| 082 | 0 | 4 | |a 170 |b TUG |2 21 |
| 100 | 0 | |a Tugendhat, Ernst |e author |9 486886 | |
| 700 | 0 | |a Vicuña, Ana María |e author |9 486887 | |
| 700 | 0 | |a López, Celso |e author |9 486888 | |
| 245 | 1 | 3 | |a El libro de Manuel y Camila: diálogos sobre ética |
| 250 | |a 1a. ed | ||
| 300 | |a 165 p | ||
| 942 | |c BK | ||
| 945 | |d 20040716 00:00:00 |a cmena | ||
| 260 | |a Barcelona |b Gedisa |c 2001 | ||
| 650 | 0 | |a Ética |9 255099 | |
| 650 | 0 | |a Comportamiento moral |9 334569 | |
| 650 | 0 | |a Delitos |9 224143 | |
| 650 | 0 | |a Solidaridad |9 259208 | |
| 650 | 0 | |a Virtud y vicio |9 310637 | |
| 583 | |a last modification |c 20040716 00:00:00 |k Rodrigo Vera | ||
| 490 | 0 | |a Campo de Estrellas | |
| 999 | |c 310004 |d 310002 | ||
| 952 | |0 0 |1 0 |4 0 |6 170_000000000000000_TUG_2001 |7 0 |8 A |9 378008 |a BIBEDU |b BIBEDU |d 2019-11-21 |i 4036522 |o 170 TUG 2001 |p 4036522 |r 2019-11-21 |w 2019-11-21 |y BK |k EPE | ||
| 952 | |0 0 |1 0 |4 0 |6 170_000000000000000_TUG_2001 |7 0 |8 A |9 378009 |a BIBEDU |b BIBEDU |d 2019-11-21 |i 4066413 |o 170 TUG 2001 |p 4066413 |r 2019-11-21 |w 2019-11-21 |y BK |k FIL | ||
| 952 | |0 0 |1 0 |4 0 |6 170_000000000000000_TUG_2001 |7 0 |8 A |9 378010 |a BIBEDU |b BIBEDU |d 2019-11-21 |i 4066421 |o 170 TUG 2001 |p 4066421 |r 2019-11-21 |w 2019-11-21 |y BK |k FIL | ||
| 952 | |0 0 |1 0 |4 0 |6 170_000000000000000_TUG_2001 |7 0 |8 A |9 378011 |a BIBEDU |b BIBEDU |d 2019-11-21 |i 406643K |o 170 TUG 2001 |p 406643K |r 2019-11-21 |w 2019-11-21 |y BK |k FIL | ||